• 首页
  • 本馆介绍
  • 公告通知
  • 最新文献
  • 馆藏检索
  • 电子资源
  • 读者导购
  • 参考咨询
  • 我的图书馆
  • 登录
  • 详细信息显示
  • 放入我的书架
  • 预约/预借图书
  • 作者相关作品
  • 分类相关作品
  • 丛书相关作品
  • 出版社相关作品

书目信息

  • 表格格式
  • 工作单格式
  • 卡片格式
题名:
透视、色彩、构图、解剖
    
 
作者: 魏永利 编著
分册:  
出版信息: 北京   高等教育出版社  1989.7
页数: 233页
开本: 26厘米
丛书名:
单 册:
中图分类: J06
科图分类: 48.3303
主题词: 美术理论
电子资源:
ISBN: 7-04-002411-X
000 00805nam 2200229 45
001 0190005859
005 20070618143554.09
010    @a7-04-002411-X@dCNY7.70
100    @a19901114d1989 ekmy0chiy0121 ea
101 0  @achi
102    @aCN@b110000
105    @aa z 000yy
200 10 @a透视、色彩、构图、解剖@ATOU SHI 、 SE CAI 、 GOU TU 、 JIE POU@e造型艺术技法理论@EZAO XING YI SHU JI FA LI LUN@f魏永利等编著@FWEI YONG LI DENG BIAN ZHU
210    @a北京@c高等教育出版社@d1989.7@h1993
215    @a233页@d26厘米
540 1  @a透视 色彩 构图 解剖 造型 艺术 技法 理论@ATOU SHI SE CAI GOU TU JIE POU ZAO XING YI SHU JI FA LI LUN
606    @a美术理论
690    @aJ06
692    @a48.3303
701  0 @a魏永利@AWEI YONG LI@4编著
801  0 @aCN@bTSSF@c20070618
905    @a10447@dJ06@e195
    
    透视、色彩、构图、解剖:造型艺术技法理论/魏永利等编著.-北京:高等教育出版社,1989.7(1993)
    233页;26厘米
    
    
    ISBN 7-04-002411-X:CNY7.70
    
●
相关链接 在E读中查询图书 在五车中查询图书 在当当中查询图书 在豆瓣中查询图书


正题名:透视、色彩、构图、解剖     索取号:J06/195         预约/预借

序号 登录号 条形码 馆藏地/架位号 状态 备注
1 0517473   205174737   第一样本阅览室/ [索取号:J06/195] 在馆    
2 0519609   205196090   密集书库/ [索取号:J06/195] 在馆    
3 0519610   205196107   密集书库/ [索取号:J06/195] 在馆    
4 0519611   205196116   密集书库/ [索取号:J06/195] 在馆    
5 0519612   205196125   密集书库/ [索取号:J06/195] 在馆    
6 0519613   205196134   密集书库/ [索取号:J06/195] 在馆    
7 0519614   205196143   密集书库/ [索取号:J06/195] 在馆    
8 0519615   205196152   密集书库/ [索取号:J06/195] 在馆    
9 0519616   205196161   密集书库/ [索取号:J06/195] 在馆    
10 0519617   205196170   密集书库/ [索取号:J06/195] 在馆    
11 0653826   206538264   库房3/ [索取号:J06/195] 在馆    
12 0653827   206538273   库房3/ [索取号:J06/195] 在馆    
唐山师范学院图书馆 欢迎您!
大连网信软件有限公司© 版权所有